Gaming Quiz

Random Gaming or Board Games Quiz

Stratego Pieces Quiz Stats

 Plays Quiz Updated Feb 1, 2012

Score 0/12 Timer 02:00
0 Plays Today
Rank Piece Name % Correct
SSpy
86%
not rankedBomb
85.5%
2General
85%
not rankedFlag
78.5%
5Captain
64.4%
3Colonel
62%
9Scout
58%
6Lieutenant
57.8%
4Major
52.4%
8Miner
50.3%
1Marshal
47%
7Sergeant
43.9%

You're not logged in!

Compare scores with friends on all Sporcle quizzes.
OR
Log In

Sporcle TV

Today on Sporcle TV


Watch our educational content, quiz creation guides, and fun videos on Sporcle TV.

Show Comments

Extras

Top Quizzes Today


Score Distribution

Your Account Isn't Verified!

In order to create a playlist on Sporcle, you need to verify the email address you used during registration. Go to your Sporcle Settings to finish the process.

Report this User

Report this user for behavior that violates our Community Guidelines.

Details: